Normal view MARC view

Entry Personal Name

Number of records used in: 1

001 - CONTROL NUMBER

  • control field: 5196

003 - CONTROL NUMBER IDENTIFIER

  • control field: dpl

005 - DATE AND TIME OF LATEST TRANSACTION

  • control field: 20100803144300.0

008 - FIXED-LENGTH DATA ELEMENTS

  • fixed length control field: 100803|||a|||||| | ||| d

040 ## - CATALOGING SOURCE

  • Original cataloging agency: dpl
  • Transcribing agency: dpl

100 ## - HEADING--PERSONAL NAME

  • Personal name: Mulzer, Beatrice

670 ## - SOURCE DATA FOUND

  • Source citation: Work cat.: (dpl)38971: Mulzer, Beatrice , MCTS self-paced training kit (Exam 70-653) : , 2008

670 ## - SOURCE DATA FOUND

  • Source citation: Work cat.: (dpl)38971: Mulzer, Beatrice , MCTS self-paced training kit (Exam 70-653) : , 2008

© Delhi Public Library
Hit Counter
free hit counter